Loading...

Vidyabhyasam: prathiloma pravanathakal/

Bibliografiske detaljer
Andre forfattere: Jayadevadas D (tr.)
Format: Printed Book
Udgivet: Thiruvananthapuram: Chintha Publishers, 2011.
Fag:
LEADER 00548nam a22001577a 4500
999 |c 144236  |d 144236 
020 |a 9788126205592 
082 |a M 370  |b JAY/V 
245 |a Vidyabhyasam:  |b prathiloma pravanathakal/  |c by Jayadevadas D (tr.) 
260 |a Thiruvananthapuram:  |b Chintha Publishers,  |c 2011. 
300 |a 135p. 
650 |a Education 
650 |a Social Sciences 
700 |a Jayadevadas D (tr.) 
942 |c BK 
952 |0 0  |1 0  |4 0  |6 M_370_000000000000000_JAY_V  |7 0  |9 101243  |a SSUS  |b SSUS  |c STACKS  |d 2019-11-26  |g 90.00  |o M 370 JAY/V  |p 097800  |r 2019-11-26  |w 2019-11-26  |y BK